000 00237nam a2200097Ia 4500
008 190216s9999||||xx |||||||||||||| ||und||
100 _aSukumarapilla.K
245 0 _aKavya Meemamsa
260 _bKerala Bhasha Institute
942 _cBK
999 _c25446
_d25446